000 00364nam a2200133Ia 4500
008 231129s9999||||xx |||||||||||||| ||spa||
020 _a84-7427-021-9
040 _bspa
082 _a306 / S285i
100 _aScarduelli Pietro
245 0 _aIntroduccion a la antropologia cultural
264 _aVillalar
942 _2ddc
_cBKS
999 _c15828
_d15828